[Event "Kieler Open 2017-A"]
[Site "Kiel"]
[Date "2017.07.31"]
[Round "5.29"]
[White "Lubenow, Olaf"]
[Black "Prasse, Philipp"]
[Result "0-1"]
[WhiteElo "1703"]
[BlackElo "2013"]
[Annotator "JK"]
[PlyCount "62"]

1. e4 c6 2. Nc3 d5 3. exd5 cxd5 4. d3 e5 5. g3 Nf6 6. Bg2 Be7 7. Nh3 Bg4 8. f3
Bf5 9. O-O O-O 10. Kh1 Nc6 11. Bd2 Re8 12. Nf2 Rc8 13. Ne2 Nb4 14. Bxb4 Bxb4
15. c3 Bd6 16. Qa4 Bd7 17. Qd1 b5 18. a3 a5 19. Qd2 Qb6 20. Rad1 b4 21. axb4
axb4 22. g4 Bb5 23. Ng3 Bc5 24. g5 Be3 25. Qe1 Bxg5 26. Ng4 Nxg4 27. fxg4 e4
28. Rf5 exd3 29. Re5 d2 30. Rxe8+ Rxe8 31. Qg1 Be3 0-1

[Event "Kieler Open 2017-A"]
[Site "Kiel"]
[Date "2017.07.31"]
[Round "5.30"]
[White "Deutschbein, Christopher"]
[Black "Litau, Alexej"]
[Result "1/2-1/2"]
[WhiteElo "2019"]
[BlackElo "1701"]
[Annotator "JK"]
[PlyCount "61"]

1. e4 e6 2. d3 d5 3. Nd2 Nf6 4. g3 b6 5. Bg2 Bb7 6. Ne2 Be7 7. O-O e5 8. h3
Nbd7 9. f4 dxe4 10. dxe4 Rb8 11. b3 Nc5 12. fxe5 Nfxe4 13. Nxe4 Bxe4 14. Bxe4
Nxe4 15. Be3 O-O 16. Kg2 Qc8 17. Nd4 Qb7 18. Qf3 Bc5 19. Nf5 Bxe3 20. Nxe3 Rbe8
21. Ng4 h5 22. Nf2 Rxe5 23. Rae1 f5 24. Nxe4 Rxe4 25. Rxe4 Qxe4 26. Qxe4 fxe4
27. Rxf8+ Kxf8 28. Kf2 Kf7 29. Ke3 Ke6 30. Kxe4 g5 31. c3 {(=)} 1/2-1/2

[Event "Kieler Open 2017-A"]
[Site "Kiel"]
[Date "2017.07.31"]
[Round "5.31"]
[White "Krieglstein, Marcel"]
[Black "Bernhardsson, Sten"]
[Result "1-0"]
[WhiteElo "1930"]
[BlackElo "1927"]
[Annotator "JK"]
[PlyCount "65"]

1. d4 d5 2. c4 e6 3. Nc3 Nf6 4. Bg5 Be7 5. Nf3 O-O 6. e3 Nbd7 7. Qc2 c5 8. Rd1
cxd4 9. Nxd4 Nb6 10. Be2 Bd7 11. Bxf6 Bxf6 12. cxd5 exd5 13. Qb3 Bc6 14. O-O
Qe7 15. Rd2 Rad8 16. Rfd1 Be5 17. Ncb5 Bb8 18. Rc1 Qf6 19. g3 Rfe8 20. Nxc6
bxc6 21. Nd4 Rd6 22. Rdc2 Nc4 23. Bxc4 dxc4 24. Rxc4 c5 25. Rxc5 Rb6 26. Rb5
Be5 27. Rxb6 axb6 28. Rc6 Qd8 29. Qxb6 Qd5 30. Qc5 Qe4 31. Rc8 Qb1+ 32. Kg2
Qe4+ 33. f3 1-0

[Event "Kieler Open 2017-A"]
[Site "Kiel"]
[Date "2017.07.31"]
[Round "5.32"]
[White "Sasaki, Yu"]
[Black "Schramm, Bernd"]
[Result "1-0"]
[WhiteElo "1732"]
[BlackElo "2036"]
[Annotator "JK"]
[PlyCount "120"]

1. e4 e5 2. Nf3 Nc6 3. Bc4 Nf6 4. d3 Be7 5. Be3 d5 6. exd5 Nxd5 7. Bxd5 Qxd5 8.
Nc3 Qd8 9. h3 Be6 10. O-O O-O 11. Re1 f5 12. Bd2 Bf6 13. Qc1 Bf7 14. Ne2 Bd5
15. Nh2 Nd4 16. Nxd4 exd4 17. Bf4 c5 18. b3 b5 19. a4 a6 20. Be5 Bh4 21. Qf4
Qg5 22. Qxg5 Bxg5 23. Bd6 Rfe8 24. Bxc5 Rxe1+ 25. Rxe1 bxa4 26. bxa4 Bf6 27.
Re2 Kf7 28. Nf1 Rc8 29. Bb6 Ba2 30. c4 dxc3 31. Rxa2 c2 32. Be3 c1=Q 33. Bxc1
Rxc1 34. Ra3 a5 35. g3 Bc3 36. Kg2 Bb4 37. Ra2 Rd1 38. Ne3 Rxd3 39. Nxf5 Kf6
40. g4 h5 41. f3 hxg4 42. hxg4 g6 43. Ng3 Kg5 44. Ne2 Bd6 45. Rc2 Ra3 46. Rc6
Bb4 47. f4+ Kxg4 48. Rxg6+ Kf5 49. Rg5+ Kf6 50. Ng3 Rxa4 51. Rf5+ Ke6 52. Rb5
Bd6 53. f5+ Kf7 54. Nh5 Rh4 55. Rb7+ Be7 56. Ng3 a4 57. Kf3 a3 58. Ra7 Rc4 59.
Ne4 Ke8 60. f6 Bxf6 1-0

[Event "Kieler Open 2017-A"]
[Site "Kiel"]
[Date "2017.07.31"]
[Round "5.33"]
[White "Eberhardt, Michael"]
[Black "Karlisch, Moritz"]
[Result "0-1"]
[WhiteElo "1812"]
[BlackElo "1887"]
[Annotator "JK"]
[PlyCount "36"]

1. Nf3 Nf6 2. c4 e6 3. g3 Be7 4. Bg2 O-O 5. b3 d5 6. Bb2 c5 7. e3 b6 8. O-O Bb7
9. Nc3 Nbd7 10. Re1 Rc8 11. Rc1 Qc7 12. Nb5 Qb8 13. d4 a6 14. Na3 Rfd8 15. cxd5
Bxd5 16. Bf1 Qa8 17. Nd2 cxd4 18. Bxd4 Bxa3 0-1

[Event "Kieler Open 2017-A"]
[Site "Kiel"]
[Date "2017.07.31"]
[Round "5.35"]
[White "Weißhorn, Lasse"]
[Black "Gehlsen, René"]
[Result "1-0"]
[WhiteElo "1745"]
[BlackElo "1635"]
[Annotator "JK"]
[PlyCount "77"]

1. e4 g6 2. d4 d6 3. Be3 Bg7 4. Nf3 Bg4 5. Nbd2 c6 6. c3 Nf6 7. Bd3 Nbd7 8. h3
Bxf3 9. Nxf3 e5 10. O-O O-O 11. Qd2 Ne8 12. Bh6 b5 13. Rad1 Bxh6 14. Qxh6 Qe7
15. Rfe1 a6 16. Bc2 c5 17. Re3 f6 18. dxe5 dxe5 19. Red3 Nb6 20. b3 Rf7 21. Qe3
Rb8 22. Nh2 f5 23. exf5 gxf5 24. Qd2 f4 25. Qe2 e4 26. R3d2 e3 27. Rd3 c4 28.
Rd4 exf2+ 29. Qxf2 Qe3 30. Ng4 Qxf2+ 31. Kxf2 Kg7 32. Kf3 h5 33. Ne5 cxb3 34.
axb3 Rc7 35. R1d3 Rbc8 36. c4 bxc4 37. bxc4 Re7 38. Kxf4 Nf6 39. Rg3+ 1-0

[Event "Kieler Open 2017-A"]
[Site "Kiel"]
[Date "2017.07.31"]
[Round "5.36"]
[White "Christensen, Andreas"]
[Black "Strätker, Sebastian"]
[Result "0-1"]
[WhiteElo "1809"]
[BlackElo "1887"]
[Annotator "JK"]
[PlyCount "100"]

1. e4 e6 2. d4 d5 3. Nd2 Nf6 4. e5 Nfd7 5. Bd3 c5 6. c3 Nc6 7. Ne2 cxd4 8. cxd4
Be7 9. O-O O-O 10. Nf3 f6 11. exf6 Nxf6 12. Re1 Bd6 13. Ng3 Qb6 14. a3 Bd7 15.
b4 Rae8 16. Bb2 a6 17. Rc1 Kh8 18. Qc2 Bf4 19. Rcd1 g5 20. Ne2 g4 21. Ne5 Bxe5
22. dxe5 Nh5 23. Ng3 Nxg3 24. hxg3 Re7 25. Bxh7 Rxh7 26. Rxd5 Rf5 27. Rc5 Rfh5
28. Kf1 Ne7 29. Re4 Bb5+ 30. Ke1 Rh1+ 31. Kd2 Nc6 32. Bd4 Qd8 33. Kc3 Rd7 34.
Qd2 b6 35. Rxc6 Bxc6 36. Rxg4 Bd5 37. Qe3 Qc8+ 38. Kb2 Qc4 39. Rh4+ Rxh4 40.
gxh4 Qa2+ 41. Kc1 Rc7+ 42. Bc5 Qc4+ 43. Kd2 Qxh4 44. Bxb6 Rd7 45. Kc1 Bxg2 46.
Qc3 Qh1+ 47. Kb2 Bc6 48. Be3 Rd1 49. Kb3 Rb1+ 50. Kc4 Qd5# 0-1

[Event "Kieler Open 2017-A"]
[Site "Kiel"]
[Date "2017.07.31"]
[Round "5.37"]
[White "van Foreest, Machteld"]
[Black "Koedijk, Klaas Jan"]
[Result "1/2-1/2"]
[WhiteElo "1793"]
[BlackElo "1311"]
[Annotator "JK"]
[PlyCount "70"]

1. e4 c5 2. Nf3 g6 3. d4 cxd4 4. Nxd4 Bg7 5. Nc3 Nc6 6. Be3 Nf6 7. f3 O-O 8.
Bc4 Qb6 9. Bb3 Ng4 10. fxg4 Nxd4 11. O-O Qd6 12. Bxd4 Qxd4+ 13. Kh1 Qxd1 14.
Raxd1 e6 15. Rd3 a6 16. Na4 b5 17. Nb6 Ra7 18. c3 Rb7 19. Rd6 Be5 20. Nxc8 Rxc8
21. Rxa6 b4 22. Rc1 bxc3 23. bxc3 Rxc3 24. Rxc3 Bxc3 25. h3 Rb4 26. Ra4 Rxa4
27. Bxa4 d5 28. exd5 exd5 29. Kg1 Kg7 30. Kf2 Kf6 31. Ke3 Ke5 32. Bb3 d4+ 33.
Kd3 f5 34. gxf5 Kxf5 35. Bd5 Kf4 1/2-1/2

[Event "Kieler Open 2017-A"]
[Site "Kiel"]
[Date "2017.07.31"]
[Round "5.38"]
[White "Farokhi, Keyvan"]
[Black "Rohmann, Volker"]
[Result "1-0"]
[WhiteElo "1726"]
[BlackElo "1818"]
[Annotator "JK"]
[PlyCount "91"]

1. e4 e5 2. Nf3 Nc6 3. Bc4 Bc5 4. c3 Qe7 5. O-O Nf6 6. d4 Bb6 7. d5 Nb8 8. a4
a5 9. Bd3 d6 10. Na3 c6 11. c4 O-O 12. Nc2 Bg4 13. h3 Bh5 14. Be3 Bxe3 15. Nxe3
Bxf3 16. Qxf3 g6 17. Qg3 Nh5 18. Qg4 Ng7 19. Rad1 c5 20. f4 exf4 21. Qxf4 Nd7
22. Ng4 Nh5 23. Qf3 f6 24. Bb1 Ne5 25. Qb3 Nxg4 26. hxg4 Ng7 27. Qh3 Qe5 28.
Qb3 Rf7 29. Rf3 Qe7 30. Rdf1 g5 31. Rh3 Qc7 32. e5 fxe5 33. Bxh7+ Kf8 34. Bg6
Rxf1+ 35. Kxf1 Ke7 36. Rh7 Rf8+ 37. Bf5 Kd8 38. Qe3 Nxf5 39. Qxg5+ Ne7+ 40. Kg1
Qd7 41. Qh6 Rg8 42. g5 Kc7 43. Qf6 Re8 44. g6 Kb6 45. Rf7 Nxd5 46. cxd5 1-0

[Event "Kieler Open 2017-A"]
[Site "Kiel"]
[Date "2017.07.31"]
[Round "5.39"]
[White "Oltmanns, Marc"]
[Black "Bernard, Adrian"]
[Result "1-0"]
[WhiteElo "1679"]
[BlackElo "1745"]
[Annotator "JK"]
[PlyCount "63"]

1. Nf3 d5 2. c4 dxc4 3. e3 b5 4. a4 c6 5. axb5 cxb5 6. b3 e6 7. bxc4 Nf6 8.
cxb5 Bb7 9. Qa4 Nbd7 10. Be2 Be7 11. O-O O-O 12. d4 Nd5 13. Bd2 Bd6 14. Na3
N5b6 15. Qc2 Rc8 16. Qb1 Qe7 17. Qb2 Be4 18. Ba5 f5 19. Nd2 Bd5 20. Nc2 Bxh2+
21. Kxh2 Qh4+ 22. Kg1 Rf6 23. f3 Rh6 24. Nb4 Qg3 25. Nxd5 Nxd5 26. Nc4 Qh2+ 27.
Kf2 Rg6 28. Ke1 Rxg2 29. Ra4 Rxe2+ 30. Qxe2 Qxe2+ 31. Kxe2 Nc3+ 32. Bxc3 1-0

[Event "Kieler Open 2017-A"]
[Site "Kiel"]
[Date "2017.07.31"]
[Round "5.40"]
[White "Schmidt, Peter"]
[Black "Schmieder, Kerstin"]
[Result "1-0"]
[WhiteElo "1949"]
[BlackElo "1674"]
[Annotator "JK"]
[PlyCount "51"]

1. e4 e5 2. Nf3 Nc6 3. d4 exd4 4. Bc4 d6 5. O-O Be7 6. c3 Nf6 7. Re1 dxc3 8.
Nxc3 O-O 9. h3 a6 10. a4 Ne5 11. Nxe5 dxe5 12. Qb3 Bc5 13. Bg5 h6 14. Rad1 Bd4
15. Bh4 g5 16. Bg3 Qe7 17. Nd5 Nxd5 18. exd5 Qf6 19. Rxd4 exd4 20. Bxc7 Bd7 21.
Be5 Qd8 22. Bxd4 Qa5 23. Re7 Bxa4 24. Qe3 Be8 25. Qe5 Qa1+ 26. Kh2 1-0

[Event "Kieler Open 2017-A"]
[Site "Kiel"]
[Date "2017.07.31"]
[Round "5.41"]
[White "Henschen, Patrick"]
[Black "Berenstein, Alexander"]
[Result "0-1"]
[WhiteElo "1720"]
[BlackElo "1997"]
[Annotator "JK"]
[PlyCount "102"]

1. d4 Nf6 2. c4 e6 3. Nf3 b6 4. g3 Bb7 5. Bg2 Be7 6. O-O O-O 7. Nbd2 Qc8 8. b3
d5 9. Bb2 Nbd7 10. cxd5 exd5 11. Rc1 Bd6 12. Ne1 Re8 13. Nd3 a5 14. Nf3 Re7 15.
Nfe5 Qe8 16. Re1 Nf8 17. e3 Rc8 18. Nf3 Ne4 19. Re2 Nd7 20. Rec2 f6 21. Bh1 Kh8
22. Nh4 g6 23. Ng2 Qf7 24. a3 Ba6 25. Ngf4 g5 26. Ng2 Bxd3 27. Qxd3 g4 28. Nh4
f5 29. Rf1 Qh5 30. f3 gxf3 31. Bxf3 Qg5 32. Bc1 Rg8 33. Rg2 Ndf6 34. Bxe4 fxe4
35. Qb5 Rf7 36. Nf5 Bf8 37. Nh4 Bd6 38. Nf5 Rd8 39. Rgf2 Kg8 40. a4 Ng4 41. h4
Qg6 42. Qxd5 Nxf2 43. Rxf2 Kf8 44. Nxd6 Rxf2 45. Kxf2 cxd6 46. Kg2 Rd7 47. h5
Qg4 48. Ba3 Qf3+ 49. Kh3 Qh1+ 50. Kg4 Rg7+ 51. Kf5 Qxh5+ 0-1

[Event "Kieler Open 2017-A"]
[Site "Kiel"]
[Date "2017.07.31"]
[Round "5.42"]
[White "Olde, Henning"]
[Black "Vorsilka, Jiri"]
[Result "0-1"]
[WhiteElo "1873"]
[BlackElo "1593"]
[Annotator "JK"]
[PlyCount "130"]

1. f4 d5 2. Nf3 Nf6 3. e3 e6 4. d4 c5 5. c3 c4 6. Qc2 Be7 7. Ne5 Nbd7 8. Be2
O-O 9. O-O b6 10. Nd2 Nxe5 11. fxe5 Nd7 12. Bf3 f5 13. Nxc4 Ba6 14. Nd2 Bxf1
15. Nxf1 Rc8 16. Bd2 b5 17. Qd3 a6 18. Ng3 Nb6 19. Rb1 Nc4 20. Be1 Bg5 21. Bf2
f4 22. exf4 Bxf4 23. Ne2 Bh6 24. Bg4 Qe7 25. Qh3 Rc6 26. Qd3 Qf7 27. Bf3 Nd2
28. Rd1 Nxf3+ 29. Qxf3 Qxf3 30. gxf3 Rxf3 31. Kg2 Rf7 32. a3 Rc8 33. Bg3 Rcf8
34. Ng1 Bf4 35. Nh3 Bxg3 36. hxg3 h6 37. Nf4 Re8 38. Ra1 g5 39. Nh5 Rb8 40.
Nf6+ Kg7 41. Rh1 a5 42. Ng4 Rh8 43. Nf6 Rb7 44. g4 b4 45. axb4 axb4 46. Rf1
bxc3 47. bxc3 Rb2+ 48. Kg3 Rc8 49. Rf3 Rc2 50. c4 R8xc4 51. Ne8+ Kg6 52. Nd6
R4c3 53. Nb5 Rxf3+ 54. Kxf3 Rb2 55. Nc7 Rb3+ 56. Kf2 Kf7 57. Na6 Rd3 58. Nc7
Rxd4 59. Kf3 Rc4 60. Nb5 Ke7 61. Nd6 Rc3+ 62. Kf2 d4 63. Ne4 Re3 64. Nf6 Rxe5
65. Nh5 d3 0-1

[Event "Kieler Open 2017-A"]
[Site "Kiel"]
[Date "2017.07.31"]
[Round "5.43"]
[White "Degenhardt, Andreas"]
[Black "Quiring, Nikolai"]
[Result "0-1"]
[WhiteElo "1777"]
[BlackElo "2007"]
[Annotator "JK"]
[PlyCount "69"]

1. d4 e6 2. Nd2 d5 3. Ngf3 c5 4. e3 Nc6 5. b3 Nf6 6. Bb2 Be7 7. a3 O-O 8. Bd3
b6 9. O-O Qc7 10. Ne5 Nxe5 11. dxe5 Nd7 12. f4 Rd8 13. Rf3 f5 14. Rh3 Nf8 15.
g4 a6 16. gxf5 exf5 17. c4 dxc4 18. Bxc4+ Kh8 19. Qc2 Qc6 20. Nf3 Be6 21. Bxe6
Qxe6 22. Rg3 Ng6 23. Ng5 Bxg5 24. Rxg5 Ne7 25. Rg2 Ra7 26. e4 Rad7 27. exf5
Nxf5 28. Qc4 Qc6 29. Re1 Nh4 30. Rg3 Nf3+ 31. Kf2 Nxe1 32. e6 Re7 33. Kxe1 Qh1+
34. Ke2 Qxh2+ 35. Kf3 0-1

[Event "Kieler Open 2017-A"]
[Site "Kiel"]
[Date "2017.07.31"]
[Round "5.44"]
[White "Isler, Benjamin"]
[Black "Hoppe, Marc"]
[Result "1-0"]
[WhiteElo "1897"]
[BlackElo "1732"]
[Annotator "JK"]
[PlyCount "49"]

1. e4 c6 2. d4 d5 3. Nc3 dxe4 4. f3 exf3 5. Nxf3 Nf6 6. Bc4 e6 7. O-O Nbd7 8.
Ng5 Nb6 9. Bb3 h6 10. Nge4 Be7 11. Kh1 Nbd5 12. Qf3 b6 13. Qg3 Nxe4 14. Nxe4 g6
15. Qf3 f5 16. c4 fxe4 17. Qf7+ Kd7 18. cxd5 exd5 19. Bxd5 Kc7 20. Bf4+ Kb7 21.
Bxc6+ Kxc6 22. Rac1+ Bc5 23. Qxg6+ Kb5 24. a4+ Kxa4 25. Qc6+ 1-0

[Event "Kieler Open 2017-A"]
[Site "Kiel"]
[Date "2017.07.31"]
[Round "5.45"]
[White "Behrendt, Matthias"]
[Black "Indinger, Alexander"]
[Result "1-0"]
[WhiteElo "1703"]
[BlackElo "1798"]
[Annotator "JK"]
[PlyCount "51"]

1. Nf3 d5 2. c4 e6 3. b3 Nf6 4. Bb2 c5 5. e3 Nc6 6. Be2 Be7 7. O-O O-O 8. Na3
b6 9. Nc2 Qc7 10. Rc1 dxc4 11. Bxc4 Nd5 12. d4 Rd8 13. Qe2 Bf6 14. g3 Qb8 15.
e4 Nc7 16. e5 Be7 17. Rfd1 cxd4 18. Ncxd4 Nxd4 19. Nxd4 Bb7 20. Bd3 Nd5 21. Be4
a6 22. Ba1 Qa7 23. Qg4 Kh8 24. Nxe6 fxe6 25. Qxe6 Bc8 26. Qf7 1-0

[Event "Kieler Open 2017-A"]
[Site "Kiel"]
[Date "2017.07.31"]
[Round "5.46"]
[White "Untiedt, Urs Arved"]
[Black "Samuelson, Bernd"]
[Result "1-0"]
[WhiteElo "1720"]
[BlackElo "1438"]
[Annotator "JK"]
[PlyCount "139"]

1. e4 d5 2. exd5 Qxd5 3. Nc3 Qd6 4. d4 Nf6 5. Nf3 a6 6. Bc4 b5 7. Bb3 Bb7 8.
O-O e6 9. Re1 Be7 10. h3 Nd5 11. Ne4 Qd8 12. Ne5 O-O 13. c3 Nd7 14. Nxd7 Qxd7 {
(=)} 15. a4 Nf6 16. Nxf6+ Bxf6 17. Qg4 Bd5 18. Bc2 Rfe8 19. Bf4 Qc6 20. Qg3 b4
21. Rac1 bxc3 22. bxc3 Bc4 23. Bxc7 Rac8 24. Bf4 Red8 25. Rb1 Bd5 26. Rec1 Kh8
27. Bd1 Bc4 28. Bb8 Rd7 {(=)} 29. Be5 Bxe5 30. Qxe5 Qc7 31. Qe3 Rb8 32. Rb4 a5
33. Rbb1 Rdd8 34. Bc2 Rxb1 35. Rxb1 Kg8 36. Qe4 g6 37. Rb7 Qc8 38. Ra7 Bd5 39.
Qf4 Rf8 40. Rxa5 Qxc3 41. Rc5 Qe1+ 42. Kh2 Qf1 43. Qg3 Qa1 44. Qe3 Qf1 45. f3
Qa6 46. Qc3 Qd6+ 47. Kg1 Kg7 48. Be4 Ba8 49. a5 Kh6 50. Bxa8 Rxa8 51. Qe3+ Kg7
52. Qe5+ Qxe5 53. dxe5 Ra7 54. Kf2 g5 55. Ke3 Kg6 56. g4 h5 57. Ke4 hxg4 58.
hxg4 Rb7 59. a6 Rb4+ 60. Kd3 Ra4 61. Rc6 Ra3+ 62. Kc4 Ra1 63. Kc5 Rc1+ 64. Kb6
Rb1+ 65. Kc7 Ra1 66. Kb7 Rb1+ 67. Rb6 Ra1 68. a7 Rxa7+ 69. Kxa7 Kg7 70. Kb7 1-0

[Event "Kieler Open 2017-A"]
[Site "Kiel"]
[Date "2017.07.31"]
[Round "5.47"]
[White "Müller, Richard"]
[Black "Weber, Andreas"]
[Result "1/2-1/2"]
[WhiteElo "1484"]
[BlackElo "1795"]
[Annotator "JK"]
[PlyCount "58"]

1. Nf3 d5 2. g3 Nf6 3. Bg2 e6 4. O-O Be7 5. d4 O-O 6. Bf4 c5 7. dxc5 Bxc5 8.
Nc3 Nc6 9. Qd2 a6 10. a3 Re8 11. Bg5 Be7 12. Rad1 Nd7 13. Bxe7 Qxe7 14. e4 dxe4
15. Nxe4 Nf6 16. Nxf6+ Qxf6 17. b3 e5 18. Qg5 Bf5 19. Qxf6 gxf6 20. Rc1 Rad8
21. c3 Be6 22. b4 Bb3 23. Rb1 Ba4 24. Rb2 Rd3 25. Rc1 Red8 26. Re2 {(=)} Kf8
27. Re3 Rd1+ 28. Re1 R1d3 29. Re3 Rd1+ 1/2-1/2

[Event "Kieler Open 2017-A"]
[Site "Kiel"]
[Date "2017.07.31"]
[Round "5.48"]
[White "Helmich, Jörg"]
[Black "Rommeck, Christiane"]
[Result "1/2-1/2"]
[WhiteElo "1722"]
[BlackElo "1616"]
[Annotator "JK"]
[PlyCount "31"]

1. e4 d5 2. exd5 Qxd5 3. Nc3 Qd6 4. d4 Nf6 5. Nf3 a6 6. Be2 Bf5 7. Be3 Nc6 8.
a3 e6 9. Qd2 Be7 10. Nh4 Bg6 11. Nxg6 hxg6 12. h3 O-O-O 13. O-O-O Nh5 14. g4
Nf6 15. Bf3 Nd5 16. Nxd5 {(=)} 1/2-1/2

[Event "Kieler Open 2017-A"]
[Site "Kiel"]
[Date "2017.07.31"]
[Round "5.49"]
[White "Witt, Holger"]
[Black "Rempe, Jonas"]
[Result "0-1"]
[WhiteElo "1578"]
[BlackElo "1749"]
[Annotator "JK"]
[PlyCount "78"]

1. c4 Nf6 2. Nc3 g6 3. g3 Bg7 4. Bg2 O-O 5. d3 d6 6. Nf3 c5 7. Rb1 Nc6 8. a3
Ne8 9. O-O Nc7 10. Bd2 a5 11. Nb5 e5 12. Ne1 Nxb5 13. cxb5 Nd4 14. a4 Rb8 15.
e3 Ne6 16. Nc2 b6 17. e4 Nd4 18. Nxd4 cxd4 19. b4 axb4 20. Bxb4 f5 21. Qb3+ Kh8
22. f3 {(=)} Bb7 23. Rb2 fxe4 24. fxe4 Bh6 25. Rbb1 Qe7 26. Qa3 Rbd8 27. Rxf8+
Bxf8 28. Bh3 Bc8 29. Bxc8 Rxc8 30. Rc1 Rc7 31. Rc6 Rd7 32. Rxb6 Qf6 33. Qc1 Rf7
34. Rc6 Bh6 35. Rc8+ Kg7 36. Qd1 Qe6 37. Rc2 Qh3 38. Rg2 Be3+ 39. Kh1 Qh5 0-1

[Event "Kieler Open 2017-A"]
[Site "Kiel"]
[Date "2017.08.01"]
[Round "6.1"]
[White "Krause, Jonah"]
[Black "Krause, Benedict"]
[Result "1/2-1/2"]
[WhiteElo "2328"]
[BlackElo "2424"]
[Annotator "PS"]
[PlyCount "26"]

1. Nf3 Nf6 2. c4 e6 3. d4 d5 4. g3 Be7 5. Bg2 O-O 6. Nc3 dxc4 7. Ne5 Nc6 8.
Bxc6 bxc6 9. Nxc6 Qe8 10. Nxe7+ Qxe7 11. Qa4 c5 12. Qxc4 cxd4 13. Qxd4 e5 {(=)}
1/2-1/2

[Event "Kieler Open 2017-A"]
[Site "Kiel"]
[Date "2017.08.01"]
[Round "6.2"]
[White "Lanka, Zigurds"]
[Black "Light, Bjarne"]
[Result "1-0"]
[WhiteElo "2434"]
[BlackElo "2196"]
[Annotator "PS"]
[PlyCount "87"]

1. e4 c5 2. Nf3 Nc6 3. d4 cxd4 4. Nxd4 e5 5. Nb5 d6 6. N1c3 a6 7. Na3 b5 8. Nd5
Nge7 9. Bd3 Nxd5 10. exd5 Ne7 11. c4 g6 12. O-O Bg7 13. cxb5 O-O 14. Re1 f5 15.
bxa6 Bxa6 16. Nb5 Qd7 17. a4 Rfb8 18. Ra3 Kh8 19. Bf1 Nc8 20. Rc3 Rb7 21. b3
Na7 22. Rc7 Rxc7 23. Nxc7 Qxc7 24. Bxa6 Nc8 25. Bb5 Nb6 26. Bc6 Rb8 27. f3 Nd7
28. Be3 Nc5 29. Bb5 Qa5 30. Bxc5 dxc5 31. d6 Qb4 32. d7 Rd8 33. Kh1 Bf6 34. Rf1
Kg7 35. Qd5 h5 36. Rd1 h4 37. Bc4 Rf8 38. h3 Kh7 39. Qe6 Kg7 40. Qe8 Bd8 41.
Qxe5+ Kh7 42. Qe8 Kg7 43. Rd6 Rf6 44. f4 1-0

[Event "Kieler Open 2017-A"]
[Site "Kiel"]
[Date "2017.08.01"]
[Round "6.3"]
[White "Wichmann, Cliff"]
[Black "Kopylov, Michael"]
[Result "0-1"]
[WhiteElo "2297"]
[BlackElo "2428"]
[Annotator "PS"]
[PlyCount "80"]

1. d4 Nf6 2. Nf3 c5 3. d5 b5 4. Bg5 d6 5. a4 b4 6. Nbd2 Nxd5 7. e4 Nc7 8. Nc4
Nc6 9. Qd2 h6 10. Bh4 Ne6 11. Bd3 g6 12. e5 g5 13. Be4 Bb7 14. Bg3 dxe5 15. Qe3
Bg7 16. Nfxe5 Nxe5 17. Bxe5 Bxe4 18. Qxe4 {(=)} O-O 19. Rd1 Qc8 20. O-O f6 21.
Bg3 f5 22. Qd5 f4 23. Rde1 Rf6 24. Ne5 Rf5 25. Re4 Rxe5 26. Rxe5 Bxe5 27. Re1
Bf6 28. Rxe6 Kg7 29. Bxf4 gxf4 30. h4 Qd8 31. Qf3 Rb8 32. Qxf4 Rb6 33. Re3 Qd1+
34. Kh2 Qd6 35. Rg3+ Kf7 36. Qf5 Qe5 37. Qg4 Bg7 38. Qc4+ Re6 39. a5 Qd4 40.
Qb3 Qxh4+ 0-1

[Event "Kieler Open 2017-A"]
[Site "Kiel"]
[Date "2017.08.01"]
[Round "6.4"]
[White "Uksini, Bardhyl"]
[Black "Syrov, Arkadi"]
[Result "1-0"]
[WhiteElo "2304"]
[BlackElo "2267"]
[Annotator "PS"]
[PlyCount "81"]

1. d4 Nf6 2. c4 e6 3. Nf3 d5 4. g3 Be7 5. Bg2 O-O 6. O-O dxc4 7. Qc2 a6 8. a4
Bd7 9. Qxc4 Bc6 10. Bf4 Bd6 11. Qc1 a5 12. Nc3 Na6 13. Bg5 Be7 14. Rd1 Nb4 15.
Bxf6 Bxf6 16. e4 b6 17. Rd2 Bb7 18. Qe1 g6 19. Qe3 Bg7 20. Rad1 Qe7 21. h4 Rfd8
22. h5 gxh5 23. Nh4 Bf6 24. e5 Bg5 25. f4 Bxg2 26. Nxg2 Bh6 27. Qf3 Bg7 28.
Qxh5 c5 29. d5 Nxd5 30. Nxd5 Rxd5 31. Rxd5 exd5 32. Rxd5 Rd8 33. Qd1 Rxd5 34.
Qxd5 Qe8 35. Ne3 Qxa4 36. Qd8+ Bf8 37. Nf5 Qa1+ 38. Kg2 Qxb2+ 39. Kh3 Qb1 40.
Nh6+ Kg7 41. Qf6# 1-0

[Event "Kieler Open 2017-A"]
[Site "Kiel"]
[Date "2017.08.01"]
[Round "6.5"]
[White "Fernandez, Michael"]
[Black "Jahncke, Giso"]
[Result "0-1"]
[WhiteElo "2236"]
[BlackElo "2340"]
[Annotator "PS"]
[PlyCount "105"]

1. c4 c5 2. g3 g6 3. Nc3 Bg7 4. Bg2 Nc6 5. d3 e6 6. Nf3 Nge7 7. O-O O-O 8. Bg5
h6 9. Bd2 b6 10. e3 Bb7 11. d4 d6 12. dxc5 dxc5 13. Qe2 a6 14. Rfd1 Qc7 15.
Rac1 {(=)} Rad8 16. Be1 f5 17. Nb1 g5 18. Bc3 e5 19. Rxd8 Rxd8 20. Rd1 e4 21.
Ne1 Ne5 22. b3 N7g6 23. Bh3 g4 24. Bf1 h5 25. h4 Bf6 26. a4 Kf7 27. Rxd8 Qxd8
28. Qd2 Qe7 29. a5 bxa5 30. Bxa5 Ke8 31. Qd1 Bxh4 32. gxh4 Nxh4 33. Bg2 Nhf3+
34. Nxf3 gxf3 35. Bh3 Nd3 36. Nd2 f4 37. Qa1 Qg5+ 38. Kh2 Ne5 39. Qa4+ Bc6 40.
Qa1 fxe3 41. fxe3 Kf7 42. Qe1 h4 43. Qg1 Qf6 44. Bc7 f2 45. Qd1 Qg5 46. Qf1
Qg3+ 47. Kh1 Qxe3 48. Bxe5 Qxd2 49. Kh2 e3 50. Bf4 Qe1 51. Bg3 hxg3+ 52. Kxg3
Qd2 53. Bg4 0-1

[Event "Kieler Open 2017-A"]
[Site "Kiel"]
[Date "2017.08.01"]
[Round "6.6"]
[White "Kuberczyk, Christoph"]
[Black "Weber, Samuel"]
[Result "1-0"]
[WhiteElo "2177"]
[BlackElo "2123"]
[Annotator "PS"]
[PlyCount "141"]

1. d4 Nf6 2. Nf3 e6 3. c4 Bb4+ 4. Nbd2 O-O 5. a3 Bxd2+ 6. Bxd2 d6 7. Bg5 Nbd7
8. e3 Re8 9. Be2 e5 10. Qc2 a5 11. O-O a4 12. c5 dxc5 13. dxe5 Nxe5 14. Qxc5
Qd5 15. Qxd5 Nxd5 16. Rfd1 c6 17. Nd4 h6 18. Bh4 Bg4 19. f3 Bc8 20. e4 Nf4 21.
Bf1 g6 22. Rac1 Kg7 23. Bf2 f6 24. Rd2 Ne6 25. Rcd1 Nxd4 26. Bxd4 Be6 27. Bb6
Bb3 28. Rc1 Re7 29. Rc3 Rd7 30. Rxd7+ Nxd7 31. Bd4 Rc8 32. Kf2 Kf7 33. Be3 h5
34. Rd3 Ke7 35. g3 b6 36. Bf4 Be6 37. Bd6+ Kf7 38. Rd4 b5 39. Rd2 Nb6 40. Bc5
Nd7 41. Bb4 Rc7 {(=)} 42. Rc2 Bb3 43. Rc1 c5 44. Bxb5 Rb7 45. Bc6 Rb6 46. Bxd7
cxb4 47. Rc7 Kf8 48. Ra7 bxa3 49. bxa3 Bd1 50. Bxa4 Rb2+ 51. Ke3 Bxa4 52. Rxa4
Rxh2 53. Ra8+ Kf7 54. Ra7+ Kf8 55. f4 Rh3 56. Kf2 h4 57. gxh4 Rxh4 58. Kg3 Rh1
59. e5 fxe5 60. fxe5 Re1 61. Kf4 g5+ 62. Kf5 g4 63. Ra4 g3 64. Rg4 Re3 65. a4
Kf7 66. Rg5 Rf3+ 67. Ke4 Ra3 68. a5 Ra4+ 69. Kf3 Ra3+ 70. Kg2 Rxa5 71. e6+ 1-0

[Event "Kieler Open 2017-A"]
[Site "Kiel"]
[Date "2017.08.01"]
[Round "6.7"]
[White "Voloshin, Leonid"]
[Black "Haffner, Alexander"]
[Result "1-0"]
[WhiteElo "2382"]
[BlackElo "2113"]
[Annotator "PS"]
[PlyCount "83"]

1. d4 Nf6 2. c4 g6 3. Nc3 Bg7 4. g3 O-O 5. Bg2 c5 6. Nf3 cxd4 7. Nxd4 Nc6 8.
O-O Nxd4 9. Qxd4 d6 10. Qd3 Rb8 11. c5 dxc5 12. Qxd8 Rxd8 13. Bf4 Ra8 14. Rfd1
Rf8 15. Rac1 Ng4 16. Nd5 e5 17. Bd2 Rb8 18. Rxc5 b6 19. Ne7+ Kh8 20. Rxc8 Rfxc8
21. Nxc8 Rxc8 22. Bc3 e4 23. Bxg7+ Kxg7 24. Bxe4 Rc7 25. h3 Ne5 26. f4 Nd7 27.
Kf2 Nc5 28. Bc2 f5 29. Rd2 a5 30. g4 fxg4 31. hxg4 a4 32. g5 b5 33. a3 Ne6 34.
e3 h6 35. gxh6+ Kxh6 36. Kf3 Kg7 37. Rg2 Nf8 38. Bd3 Rc5 39. Rg5 Rxg5 40. fxg5
Ne6 41. Bxb5 Nxg5+ 42. Ke2 1-0

[Event "Kieler Open 2017-A"]
[Site "Kiel"]
[Date "2017.08.01"]
[Round "6.8"]
[White "Saglam, Bülent"]
[Black "Besenthal, Klaus-Günther"]
[Result "1/2-1/2"]
[WhiteElo "2076"]
[BlackElo "2076"]
[Annotator "PS"]
[PlyCount "105"]

1. e4 Nc6 2. d4 e5 3. Nf3 Nxd4 4. Nxd4 exd4 5. Qxd4 Qf6 6. Be3 Qxd4 7. Bxd4 Ne7
8. Bc4 Nc6 9. Bc3 b6 10. a3 Bb7 11. Nd2 f6 12. h4 Bd6 13. O-O-O O-O-O 14. g3
Be5 15. Nb1 Bxc3 16. Nxc3 Ne5 17. Be2 f5 18. f4 Nf7 19. Bd3 Nd6 20. Rhe1 fxe4
21. Nxe4 Nxe4 22. Bxe4 Bxe4 23. Rxe4 Rde8 24. Rde1 Rxe4 25. Rxe4 Kd8 26. Ra4
Re8 27. Rxa7 Re1+ 28. Kd2 Rg1 29. Ra8+ Ke7 30. b4 Rxg3 31. a4 Rg4 32. Rg8 Rxf4
33. Rxg7+ Kd6 34. Rxh7 Rxb4 35. Rh6+ Kc5 36. Rh7 Kc6 37. h5 Rxa4 38. h6 Rh4 39.
Ke3 b5 40. Rh8 b4 41. h7 Kd6 42. Rb8 Rxh7 43. Rxb4 Rh3+ 44. Kd2 c5 45. Rg4 Kc6
46. Rg6+ d6 47. c4 Rf3 48. Rh6 Kd7 49. Kc2 Ke7 50. Kd2 Rf6 51. Rh2 Ke6 52. Re2+
Kf5 53. Kd3 1/2-1/2